| 000 | 00347nam a22001337a 4500 | ||
|---|---|---|---|
| 020 | _qPB. | ||
| 040 | _cFIZZA ISHAQ | ||
| 082 |
_a004.165 _bMAZ |
||
| 100 |
_aMAZIDI. _991580 |
||
| 245 |
_aTHE 8051 MICRO CONTROLLER AND EMBEDDED SYSTEMS ASSEMBLY AND C / _cMAZIDI. |
||
| 260 |
_aNEW YORK ; _bPEARSON, _c2020. |
||
| 300 | _a547 P. ; | ||
| 942 |
_2ddc _cBK |
||
| 999 |
_c589710 _d589710 |
||